[Event "Mlada Boleslav ATMOS op"]
[Site "Mlada Boleslav"]
[Date "2007.08.03"]
[Round "6"]
[White "Krtous, Zdenek"]
[Black "Benda, Robert"]
[Result "0-1"]
[WhiteElo "1606"]
[BlackElo "1986"]
[PlyCount "59"]
[EventDate "2007.07.30"]
[EventType "swiss"]
[EventRounds "9"]
[EventCountry "CZE"]
[SourceTitle "EXT 2010"]
[Source "ChessBase"]
[SourceDate "2010.11.25"]
[SourceVersion "1"]
[SourceVersionDate "2010.11.25"]
[SourceQuality "1"]

1. e4 g6 2. d4 Bg7 3. Be3 d6 4. Nc3 e6 5. f4 Ne7 6. Nf3 h6 7. Qd2 a6 8. Be2 Nd7 9. 0-0-0 b5 10. a3 Bb7 11. d5 exd5 12. Nxd5 Bxd5 13. exd5 Nf5 14. Rhe1 0-0 15. Bd3 Nxe3 16. Qxe3 Nc5 17. b4 Na4 18. Nd4 Nc3 19. Rd2 Nxd5 20. Qf2 Nc3 21. f5 Qf6 22. Be4 Nxe4 23. Rxe4 c5 24. bxc5 dxc5 25. Nb3 Qb2+ 26. Kd1 Bc3 27. Rd7 c4 28. Nc1 Rad8 29. Qa7 Qxa3 30. Ree7 0-1

[Event "Litomysl op"]
[Site "Litomysl"]
[Date "2006.12.31"]
[Round "8"]
[White "Benda, Robert"]
[Black "Herbold, Manfred"]
[Result "1/2-1/2"]
[WhiteElo "2007"]
[BlackElo "2204"]
[PlyCount "67"]
[EventDate "2006.12.26"]
[EventType "swiss"]
[EventRounds "9"]
[EventCountry "CZE"]
[SourceTitle "CBM 116 Extra"]
[Source "ChessBase"]
[SourceDate "2007.03.07"]
[SourceVersion "1"]
[SourceVersionDate "2007.03.07"]
[SourceQuality "1"]

1. Nf3 f5 2. d4 Nf6 3. e3 b6 4. Bd3 e6 5. 0-0 Bb7 6. Nbd2 Be7 7. b3 0-0 8. Bb2 Qe8 9. Qe2 Qg6 10. Rfd1 Ne4 11. c4 d6 12. Rac1 Nd7 13. b4 c5 14. bxc5 bxc5 15. Nf1 Ndf6 16. Ng3 Ng4 17. Rf1 h5 18. dxc5 Nxc5 19. Ne1 h4 20. Nh1 Ne5 21. Bb1 Rab8 22. f3 Ba6 23. Bxe5 dxe5 24. Nf2 Rfc8 25. Ned3 Nd7 26. Rfd1 Bxc4 27. Rxc4 Rxc4 28. Nf4 exf4 29. Qxc4 fxe3 30. Nh3 Ne5 31. Qc7 Nxf3+ 32. Kh1 Qe8 33. gxf3 Rb2 34. Qe5 1/2-1/2

[Event "Pobeskydy Alpress 16th"]
[Site "Frydek Mistek"]
[Date "2005.03.27"]
[Round "8"]
[White "Lasinskas, Povilas"]
[Black "Benda, Robert"]
[Result "1-0"]
[WhiteElo "2219"]
[BlackElo "2024"]
[PlyCount "75"]
[EventDate "2005.03.24"]
[EventType "swiss"]
[EventRounds "9"]
[EventCountry "CZE"]
[SourceTitle "CBM 105 Extra"]
[Source "ChessBase"]
[SourceDate "2005.05.01"]
[SourceVersion "1"]
[SourceVersionDate "2005.05.01"]
[SourceQuality "1"]

1. d4 Nf6 2. c4 g6 3. Nf3 Bg7 4. Nc3 0-0 5. Bg5 d6 6. Qc2 a5 7. e3 Na6 8. a3 c6 9. Be2 Re8 10. Rd1 d5 11. c5 Bg4 12. 0-0 Nc7 13. Na4 Ne4 14. Bh4 Bxf3 15. gxf3 Nf6 16. f4 Ne4 17. f3 Nf6 18. Kh1 Nh5 19. Rg1 Bf6 20. Bf2 e6 21. Bd3 Kh8 22. Nb6 Ra7 23. Rg4 Na8 24. Na4 Qc7 25. Rdg1 Rg8 26. f5 exf5 27. Bxf5 Bg7 28. Bd3 Qe7 29. e4 Qd7 30. e5 Bf8 31. f4 b5 32. cxb6 Nxb6 33. Nc3 Qe8 34. f5 Nd7 35. e6 Ndf6 36. exf7 Rxf7 37. fxg6 Be7 38. Rh4 1-0

[Event "Litomysl op"]
[Site "Litomysl"]
[Date "2003.12.30"]
[Round "7"]
[White "Benda, Robert"]
[Black "Krupa, Monika"]
[Result "0-1"]
[WhiteElo "2038"]
[BlackElo "2221"]
[PlyCount "108"]
[EventDate "2003.12.26"]
[EventType "swiss"]
[EventRounds "9"]
[EventCountry "CZE"]
[SourceTitle "CBM 098 Extra"]
[Source "ChessBase"]
[SourceDate "2004.03.10"]
[SourceVersion "2"]
[SourceVersionDate "2004.03.10"]
[SourceQuality "1"]

1. Nf3 g6 2. c4 Bg7 3. g3 e5 4. d3 Nc6 5. Bg2 d6 6. 0-0 h6 7. Nc3 Be6 8. a3 Qd7 9. e3 Bh3 10. Nd5 Bxg2 11. Kxg2 f5 12. Rb1 Nd8 13. Bd2 c6 14. Nc3 Ne6 15. b4 Ne7 16. Nh4 Bf6 17. f4 g5 18. Nxf5 Nxf5 19. fxe5 dxe5 20. Ne4 0-0-0 21. Nxf6 Qxd3 22. Qg4 Qxd2+ 23. Kh1 Nfg7 24. Nh5 Kb8 25. Nxg7 Nxg7 26. Qe4 Qd6 27. b5 c5 28. Rf7 Rd7 29. Rbf1 Rhd8 30. R1f3 Qd1+ 31. Kg2 Rd2+ 32. Rf2 Rxf2+ 33. Rxf2 Qd7 34. Qxe5+ Qc7 35. Qf6 Ne8 36. Qxh6 Qe5 37. h4 Qe4+ 38. Kh2 Qxe3 39. Rg2 Rd6 40. Qf8 gxh4 41. gxh4 Qe5+ 42. Kh3 Rd3+ 43. Kg4 Rd4+ 44. Kh3 Qe3+ 45. Rg3 Qe6+ 46. Kh2 Rxh4+ 47. Kg2 Qe2+ 48. Kg1 Rxc4 49. Kh1 Rc1+ 50. Rg1 Qh5+ 51. Kg2 Qg4+ 52. Kf2 Qxg1+ 53. Ke2 Qe1+ 54. Kd3 Rc3# 0-1

[Event "Litomysl op"]
[Site "Litomysl"]
[Date "2003.12.29"]
[Round "6"]
[White "Luch, Michal"]
[Black "Benda, Robert"]
[Result "1-0"]
[WhiteElo "2268"]
[BlackElo "2038"]
[PlyCount "88"]
[EventDate "2003.12.26"]
[EventType "swiss"]
[EventRounds "9"]
[EventCountry "CZE"]
[SourceTitle "CBM 098 Extra"]
[Source "ChessBase"]
[SourceDate "2004.03.10"]
[SourceVersion "2"]
[SourceVersionDate "2004.03.10"]
[SourceQuality "1"]

1. e4 c5 2. Nf3 e6 3. d4 cxd4 4. Nxd4 a6 5. Bd3 Qc7 6. c4 Nf6 7. Nc3 b6 8. Be3 Bb7 9. 0-0 d6 10. Rc1 Nbd7 11. f3 Be7 12. b3 Rd8 13. Qe2 0-0 14. g4 h6 15. Qg2 Ne5 16. Be2 Ng6 17. Bd3 Nh7 18. f4 Nh4 19. Qf2 Rb8 20. a4 g5 21. f5 e5 22. Nde2 Ba8 23. Nd5 Bxd5 24. cxd5 Qb7 25. Ng3 Nf6 26. Qe2 b5 27. axb5 axb5 28. Nh5 Nxh5 29. gxh5 b4 30. Ba6 Qd7 31. Rc6 Kh7 32. h3 Rg8 33. Kh2 Qd8 34. f6 Bxf6 35. Ba7 Ra8 36. Bb6 Qe7 37. Rc7 Qe8 38. Rxf6 Rg7 39. Rxd6 g4 40. hxg4 Rxa6 41. Qxa6 Rxg4 42. Be3 Nf3+ 43. Kh3 Rh4+ 44. Kg3 Qg8+ 1-0

[Event "Litomysl op"]
[Site "Litomysl"]
[Date "2003.12.26"]
[Round "1"]
[White "Stehno, Pavel"]
[Black "Benda, Robert"]
[Result "1-0"]
[WhiteElo "2310"]
[BlackElo "2038"]
[PlyCount "47"]
[EventDate "2003.12.26"]
[EventType "swiss"]
[EventRounds "9"]
[EventCountry "CZE"]
[SourceTitle "CBM 098 Extra"]
[Source "ChessBase"]
[SourceDate "2004.03.10"]
[SourceVersion "2"]
[SourceVersionDate "2004.03.10"]
[SourceQuality "1"]

1. e4 d6 2. d4 g6 3. Nc3 Bg7 4. Be3 Nd7 5. Qd2 h6 6. Bc4 e6 7. Nge2 a6 8. a4 b6 9. f4 Ne7 10. Ng3 c5 11. f5 e5 12. dxc5 dxc5 13. Rd1 Ra7 14. 0-0 gxf5 15. exf5 Qc7 16. Nge4 f6 17. Nd6+ Kf8 18. Nf7 Rh7 19. Nd5 Qc6 20. Nd8 Qxa4 21. b3 Qa5 22. b4 cxb4 23. Nxe7 Qa3 24. Nxc8 1-0

[Event "Ludwigshafen-ch 12th"]
[Site "Ludwigshafen"]
[Date "1998.??.??"]
[Round "3"]
[White "Benda, Robert"]
[Black "Hess, Dieter"]
[Result "1/2-1/2"]
[WhiteElo "1970"]
[BlackElo "1849"]
[PlyCount "102"]
[EventDate "1998.??.??"]
[EventType "swiss"]
[EventRounds "7"]
[EventCountry "GER"]
[SourceTitle "EXT 2001"]
[Source "ChessBase"]
[SourceDate "2000.11.22"]
[SourceVersion "1"]
[SourceVersionDate "2000.11.22"]
[SourceQuality "1"]

1. a3 g6 2. g3 Bg7 3. Bg2 Nf6 4. d3 d6 5. Nd2 c6 6. e3 Qc7 7. Ne2 0-0 8. 0-0 Nbd7 9. Rb1 Nb6 10. b3 Bd7 11. h3 c5 12. Bb2 Bc6 13. e4 Rad8 14. c4 e6 15. Qc2 Qe7 16. f4 Nh5 17. Bxg7 Nxg7 18. Rbe1 Qd7 19. Nf3 f6 20. b4 Qc8 21. b5 Bd7 22. Kh2 d5 23. a4 d4 24. a5 Na8 25. Qd2 Rde8 26. g4 Re7 27. Ng3 Rfe8 28. e5 f5 29. gxf5 Nxf5 30. Ne4 Rf8 31. Rg1 Nc7 32. Nfg5 Ne8 33. Qe2 Qc7 34. b6 axb6 35. axb6 Qc8 36. Ra1 Nh4 37. Qg4 Nxg2 38. Rxg2 Bc6 39. Rg3 Bxe4 40. Nxe4 Ref7 41. Rf3 Qc6 42. Rb1 Ng7 43. Nf6+ Kh8 44. h4 Ne8 45. Ne4 Ng7 46. Nd6 Rd7 47. Rf2 Nf5 48. h5 Nxd6 49. exd6 Qxd6 50. hxg6 Rg7 51. Re1 Rxg6 1/2-1/2

[Event "Ludwigshafen-ch 12th"]
[Site "Ludwigshafen"]
[Date "1998.??.??"]
[Round "2"]
[White "Hoehler, Waldemar"]
[Black "Benda, Robert"]
[Result "0-1"]
[WhiteElo "1763"]
[BlackElo "1970"]
[PlyCount "118"]
[EventDate "1998.??.??"]
[EventType "swiss"]
[EventRounds "7"]
[EventCountry "GER"]
[SourceTitle "EXT 2001"]
[Source "ChessBase"]
[SourceDate "2000.11.22"]
[SourceVersion "1"]
[SourceVersionDate "2000.11.22"]
[SourceQuality "1"]

1. Nf3 g6 2. c4 d6 3. d4 Bg7 4. Nc3 Nd7 5. g3 e6 6. Bg2 Ne7 7. 0-0 0-0 8. Bg5 h6 9. Bd2 Rb8 10. Qc2 a6 11. Rac1 b6 12. d5 e5 13. e4 Kh7 14. Bh3 a5 15. a3 Nf6 16. Bxc8 Qxc8 17. Kg2 Nh5 18. Ng1 Qd7 19. Qa4 Qxa4 20. Nxa4 f5 21. f3 Nf6 22. Nc3 c6 23. Nge2 Rbc8 24. Be3 cxd5 25. cxd5 b5 26. b4 axb4 27. axb4 fxe4 28. fxe4 Rc4 29. Rb1 Nxe4 30. Rxf8 Bxf8 31. Rb3 Nf6 32. Kf3 e4+ 33. Kg2 Nfxd5 34. Nxb5 Nxe3+ 35. Rxe3 d5 36. Rb3 Nc6 37. Nf4 Rc2+ 38. Kf1 Nxb4 39. Ne6 Be7 40. h4 Kg8 41. Nbd4 Rc1+ 42. Ke2 Kf7 43. Nf4 g5 44. hxg5 hxg5 45. Nfe6 Rc4 46. g4 Bf6 47. Ke3 Nc2+ 48. Nxc2 Kxe6 49. Rb6+ Ke5 50. Nb4 d4+ 51. Kd2 e3+ 52. Kd3 Rc3+ 53. Ke2 Rc4 54. Nd3+ Ke4 55. Re6+ Kd5 56. Rxf6 Rc2+ 57. Ke1 Ke4 58. Nb4 Rb2 59. Nc6 Rb1+ 0-1

[Event "Ludwigshafen-ch 10th"]
[Site "Ludwigshafen"]
[Date "1996.??.??"]
[Round "2"]
[White "Weiland, Marco"]
[Black "Benda, Robert"]
[Result "0-1"]
[WhiteElo "1805"]
[BlackElo "2010"]
[PlyCount "71"]
[EventDate "1996.??.??"]
[EventType "swiss"]
[EventRounds "7"]
[EventCountry "GER"]
[SourceTitle "EXT 2000"]
[Source "ChessBase"]
[SourceDate "1999.11.16"]
[SourceVersion "1"]
[SourceVersionDate "1999.11.16"]
[SourceQuality "1"]

1. e4 g6 2. d4 Bg7 3. Nc3 d6 4. f4 Nd7 5. Nf3 e6 6. Be3 h6 7. Qd2 Ne7 8. Be2 a6 9. a4 b6 10. 0-0 Bb7 11. Rad1 Nf6 12. e5 Ng4 13. h3 Nxe3 14. Qxe3 0-0 15. Bd3 Kh7 16. Nd2 Nf5 17. Bxf5 gxf5 18. Nc4 Rg8 19. Rd2 Rb8 20. Qe2 Qh4 21. Qe1 Qh5 22. Qd1 Qg6 23. Rff2 Bf8 24. exd6 cxd6 25. Nxb6 Bc6 26. a5 Bg7 27. Qe2 Bf6 28. Qc4 Be4 29. Nxe4 fxe4 30. Rde2 Qh5 31. Re3 Bh4 32. Rf1 Qxa5 33. Nd7 Rb7 34. Qc6 Qd2 35. Qxe4+ Kh8 36. Qxb7 0-1